Senza avvisare (Record n. 101396)
[ formato base ]
| 000 -LEADER | |
|---|---|
| fixed length control field | 01127njm a2200313Ia 4500 |
| 001 - CONTROL NUMBER | |
| control field | 36754 |
| 003 - CONTROL NUMBER IDENTIFIER | |
| control field | IT-RoPAU |
| 005 - DATE AND TIME OF LATEST TRANSACTION | |
| control field | 20220918181143.0 |
| 008 - FIXED-LENGTH DATA ELEMENTS--GENERAL INFORMATION | |
| fixed length control field | 131025s9999 xx 000 0 und d |
| 040 ## - CATALOGING SOURCE | |
| Original cataloging agency | IT-RoPAU |
| 040 ## - CATALOGING SOURCE | |
| Transcribing agency | IT-RoPAU |
| 041 ## - LANGUAGE CODE | |
| Language code of text/sound track or separate title | ITALIANO |
| 999 ## - SYSTEM CONTROL NUMBERS (KOHA) | |
| Koha Dewey Subclass [OBSOLETE] | NO |
| 100 ## - MAIN ENTRY--PERSONAL NAME | |
| Personal name | Concato Fabio |
| 9 (RLIN) | 19379 |
| 100 ## - MAIN ENTRY--PERSONAL NAME | |
| Relator term | Autore musica |
| 9 (RLIN) | 19380 |
| 100 ## - MAIN ENTRY--PERSONAL NAME | |
| Miscellaneous information | Codice autore musica SPICS: 16468 |
| 9 (RLIN) | 19381 |
| 245 ## - TITLE STATEMENT | |
| Title | Senza avvisare |
| 250 ## - EDITION STATEMENT | |
| Edition statement | 1a ed. |
| 260 ## - PUBLICATION, DISTRIBUTION, ETC. (IMPRINT) | |
| Place of publication, distribution, etc. | HOLLAND |
| 260 ## - PUBLICATION, DISTRIBUTION, ETC. (IMPRINT) | |
| Name of publisher, distributor, etc. | PHILIPS |
| Date of publication, distribution, etc. | 1986 [1a Ed.:1986 - Ed. Lingua Orig.: 1986] |
| 300 ## - PHYSICAL DESCRIPTION | |
| Extent | MUSICASSETTA |
| 300 ## - PHYSICAL DESCRIPTION | |
| Dimensions | 38 minuti (Testo: pag.) |
| 500 ## - GENERAL NOTE | |
| General note | Canzone italiana. Cantautore. |
| 505 ## - FORMATTED CONTENTS NOTE | |
| Formatted contents note | Tanto per cambiare - Prendi luna - Il bel pianista - Camminiamo - Prima di cena - Tornando a casa - Ti muovi sempre - Per cominciare - Il viaggio - Rime per un sogno |
| 650 ## - SUBJECT ADDED ENTRY--TOPICAL TERM | |
| Topical term or geographic name as entry element | CANTAUTORI [CASSETTE] |
| Relator term | Codice MATERIA SPICS: 9951 |
| 9 (RLIN) | 19382 |
| 700 ## - ADDED ENTRY--PERSONAL NAME | |
| Personal name | Concato Fabio |
| Relator term | Autore testo e musica |
| Miscellaneous information | Codice autore testo/musica SPICS: 16468 |
| 9 (RLIN) | 19383 |
| 700 ## - ADDED ENTRY--PERSONAL NAME | |
| Personal name | Concato Fabio |
| Miscellaneous information | Codice interprete SPICS: 16468 |
| Relator term | Interprete |
| 9 (RLIN) | 19384 |
| 942 ## - ADDED ENTRY ELEMENTS (KOHA) | |
| Koha item type | MUSICASSETTE |
| Source of classification or shelving scheme | Dewey Decimal Classification |
| Withdrawn status | Lost status | Damaged status | Not for loan | Home library | Current library | Date acquired | Total Checkouts | Full call number | Date last seen | Price effective from | Koha item type | Public note |
|---|---|---|---|---|---|---|---|---|---|---|---|---|
| Buone Condizioni | Not For Loan | SPICS-MEDIATECA | SPICS-MEDIATECA | 25/10/2013 | 36754 | 25/10/2013 | 25/10/2013 | MUSICASSETTE | Progr. Ins.: 13042 / N.Vol.: 1 / Copie: 1 - Copia rara: NO / date import: 01.01.2014 - By Epidotti, Trombetti, Vaglietti |